[Event "Wch Seniors 65 26th"]
[Site "Marianske Lazne"]
[Date "2016.11.30"]
[Round "11"]
[White "Scholtyssek, Werner"]
[Black "Weyand, Fernand"]
[Result "1/2-1/2"]
[WhiteElo "1734"]
[BlackElo "1816"]
[PlyCount "31"]
[EventDate "2016.11.19"]
[EventType "swiss"]
[EventRounds "11"]
[EventCountry "CZE"]
[SourceTitle "EXT 2018"]
[Source "ChessBase"]
[SourceDate "2017.10.13"]
[SourceVersion "1"]
[SourceVersionDate "2017.10.13"]
[SourceQuality "1"]

1. e4 c6 2. Nc3 d5 3. d4 dxe4 4. Nxe4 Bf5 5. Ng3 Bg6 6. Nf3 Nd7 7. Bd3 Bxd3 8. Qxd3 Qc7 9. 0-0 e6 10. a3 Bd6 11. Ne4 Ngf6 12. Nxd6+ Qxd6 13. Re1 0-0 14. Be3 Rfd8 15. Bg5 h6 16. Bh4 1/2-1/2

[Event "Wch Seniors 65 26th"]
[Site "Marianske Lazne"]
[Date "2016.11.29"]
[Round "10"]
[White "Vagner, Grigorij"]
[Black "Scholtyssek, Werner"]
[Result "1/2-1/2"]
[WhiteElo "1849"]
[BlackElo "1734"]
[PlyCount "117"]
[EventDate "2016.11.19"]
[EventType "swiss"]
[EventRounds "11"]
[EventCountry "CZE"]
[SourceTitle "CBM 175 Extra"]
[Source "ChessBase"]
[SourceDate "2016.12.12"]
[SourceVersion "1"]
[SourceVersionDate "2016.12.12"]
[SourceQuality "1"]

1. e4 e6 2. Nf3 Nf6 3. Nc3 Bb4 4. e5 Bxc3 5. bxc3 Nd5 6. c4 Ne7 7. Ba3 b6 8. d4 Bb7 9. Bd3 d6 10. exd6 cxd6 11. 0-0 Qc7 12. Qe2 0-0 13. Rae1 Bxf3 14. Qxf3 Nbc6 15. c3 e5 16. Qh3 f5 17. Bb1 Rf6 18. Bc1 f4 19. Qxh7+ Kf7 20. f3 Rh6 21. Qe4 Rah8 22. dxe5 dxe5 23. h3 Qc8 24. c5 Rxh3 25. a4 Rh1+ 26. Kf2 R1h2 27. Rg1 Qh3 28. cxb6 axb6 29. Kf1 Qg3 30. Ba2+ Ke8 31. Qe2 R8h6 32. Rd1 Rh1 33. Qf2 Rxg1+ 34. Qxg1 e4 35. fxe4 Qxc3 36. Ke2 Qc2+ 37. Rd2 Qxe4+ 38. Kd1 Qxa4+ 39. Ke1 Qb4 40. Bb2 Rd6 41. Qf2 g5 42. Qe2 Rxd2 43. Qxd2 Qxd2+ 44. Kxd2 g4 45. Be6 g3 46. Ke2 Ng6 47. Bd5 Nce5 48. Be4 Kf7 49. Bd4 f3+ 50. gxf3 Nf4+ 51. Kf1 g2+ 52. Kg1 Ne2+ 53. Kxg2 Nxd4 54. f4 Nec6 55. Kf2 b5 56. Ke3 Kf6 57. Kd3 b4 58. Kc4 b3 59. Bxc6 1/2-1/2

[Event "Wch Seniors 65 26th"]
[Site "Marianske Lazne"]
[Date "2016.11.23"]
[Round "5"]
[White "Scholtyssek, Werner"]
[Black "Patola, Eero"]
[Result "1/2-1/2"]
[WhiteElo "1734"]
[BlackElo "1862"]
[PlyCount "37"]
[EventDate "2016.11.19"]
[EventType "swiss"]
[EventRounds "11"]
[EventCountry "CZE"]
[SourceTitle "CBM 175 Extra"]
[Source "ChessBase"]
[SourceDate "2016.12.12"]
[SourceVersion "1"]
[SourceVersionDate "2016.12.12"]
[SourceQuality "1"]

1. c4 c5 2. Nf3 Nf6 3. Nc3 Nc6 4. g3 g6 5. d3 Bg7 6. Bg2 0-0 7. Bg5 h6 8. Bd2 d6 9. Qc1 Kh7 10. a3 Be6 11. 0-0 Qc8 12. Re1 Ng8 13. Rb1 f5 14. b4 cxb4 15. axb4 Nf6 16. b5 Ne5 17. Nxe5 dxe5 18. Qa3 Rf7 19. Rec1 1/2-1/2

[Event "Schleswig Holstein-ch Seniors op 10th"]
[Site "Buesum"]
[Date "2016.10.03"]
[Round "8"]
[White "Harders, Werner"]
[Black "Scholtyssek, Werner"]
[Result "0-1"]
[WhiteElo "1563"]
[BlackElo "1744"]
[PlyCount "84"]
[EventDate "2016.09.26"]
[EventType "swiss"]
[EventRounds "9"]
[EventCountry "GER"]
[SourceTitle "EXT 2019"]
[Source "ChessBase"]
[SourceDate "2018.10.10"]
[SourceVersion "1"]
[SourceVersionDate "2018.10.10"]
[SourceQuality "1"]

1. d4 d5 2. e3 Nf6 3. f4 Bf5 4. h3 Be4 5. Nc3 e6 6. Nf3 Bxf3 7. Qxf3 Bb4 8. Bd2 Bxc3 9. Bxc3 Ne4 10. g3 c6 11. Bd3 Nxc3 12. bxc3 Nd7 13. Qe2 b5 14. 0-0 Qa5 15. Qe1 f5 16. g4 g6 17. Kg2 0-0-0 18. Qd2 a6 19. Rfb1 Nb6 20. Rb3 Nc4 21. Qc1 Rd7 22. Bxc4 dxc4 23. Ra3 Qb6 24. Rb1 Ra7 25. Ra4 Qc7 26. Rab4 Qd6 27. Kf2 fxg4 28. hxg4 h5 29. Qh1 Rah7 30. g5 h4 31. a4 Qd5 32. Qh3 Qe4 33. R1b2 a5 34. Rxb5 cxb5 35. axb5 Qf5 36. Qf3 Qd5 37. e4 Qb7 38. d5 exd5 39. exd5 h3 40. Kg1 h2+ 41. Kh1 Rh3 42. Qe2 Qxd5+ 0-1

[Event "Bodensee op Seniors"]
[Site "Bregenz"]
[Date "2016.04.30"]
[Round "1"]
[White "Scholtyssek, Werner"]
[Black "Jackson, Oliver A"]
[Result "0-1"]
[WhiteElo "1785"]
[BlackElo "2064"]
[PlyCount "50"]
[EventDate "2016.04.30"]
[EventType "swiss"]
[EventRounds "9"]
[EventCountry "AUT"]
[SourceTitle "CBM 172 Extra"]
[Source "ChessBase"]
[SourceDate "2016.06.21"]
[SourceVersion "1"]
[SourceVersionDate "2016.06.21"]
[SourceQuality "1"]

1. e4 c5 2. Nc3 e6 3. Nf3 a6 4. d4 cxd4 5. Nxd4 Qc7 6. Be3 Nf6 7. a3 b5 8. f3 Bb7 9. Na2 d5 10. exd5 Nxd5 11. Bd2 Bd6 12. Qe2 0-0 13. Nc3 Nd7 14. g3 Rfe8 15. Bh3 Be5 16. Qf2 N7b6 17. 0-0 Nxc3 18. Bxc3 Na4 19. Ne2 Nxc3 20. bxc3 Bxc3 21. Rad1 Ba5 22. Kg2 Bb6 23. Qe1 Qxc2 24. Rd7 Bd5 25. Qd1 Qc6 0-1

[Event "Hessen-ch Seniors op 11th"]
[Site "Bad Sooden-Allendorf"]
[Date "2015.05.13"]
[Round "5"]
[White "Scholtyssek, Werner"]
[Black "Emami, Madjid"]
[Result "1/2-1/2"]
[WhiteElo "1776"]
[BlackElo "2045"]
[PlyCount "83"]
[EventDate "2015.05.09"]
[EventType "swiss"]
[EventRounds "9"]
[EventCountry "GER"]
[SourceTitle "EXT 2018"]
[Source "ChessBase"]
[SourceDate "2017.10.13"]
[SourceVersion "1"]
[SourceVersionDate "2017.10.13"]
[SourceQuality "1"]

1. c4 g6 2. Nc3 Bg7 3. d4 d6 4. g3 Nf6 5. Bg2 0-0 6. e3 Nbd7 7. Nge2 c6 8. b3 Qc7 9. 0-0 Re8 10. Rb1 e5 11. Bb2 Nf8 12. dxe5 dxe5 13. e4 h5 14. Bc1 Be6 15. Be3 Ng4 16. Qc1 Nxe3 17. Qxe3 Red8 18. Rbd1 Rxd1 19. Rxd1 Nh7 20. h4 Nf6 21. Bf3 Bf8 22. c5 Rd8 23. Rxd8 Qxd8 24. b4 Be7 25. a4 a5 26. b5 Nd7 27. bxc6 bxc6 28. Qc1 Nxc5 29. Qa1 Qd3 30. Bg2 Nb3 31. Nc1 Nxc1 32. Qxc1 Bb4 33. Nd1 c5 34. Ne3 Qb3 35. Bf1 Qxa4 36. Nd5 Kg7 37. Qg5 Qa1 38. Qf6+ Kh7 39. Nf4 Bc4 40. Nxh5 gxh5 41. Qf5+ Kg7 42. Qg5+ 1/2-1/2

[Event "Hessen-ch Seniors op 11th"]
[Site "Bad Sooden-Allendorf"]
[Date "2015.05.12"]
[Round "4"]
[White "Kleist, Werner"]
[Black "Scholtyssek, Werner"]
[Result "0-1"]
[WhiteElo "1815"]
[BlackElo "1776"]
[PlyCount "40"]
[EventDate "2015.05.09"]
[EventType "swiss"]
[EventRounds "9"]
[EventCountry "GER"]
[SourceTitle "EXT 2018"]
[Source "ChessBase"]
[SourceDate "2017.10.13"]
[SourceVersion "1"]
[SourceVersionDate "2017.10.13"]
[SourceQuality "1"]

1. b4 e5 2. b5 d5 3. Bb2 Bd6 4. e3 Be6 5. Nf3 Nd7 6. Be2 Ngf6 7. 0-0 c5 8. d3 Qc7 9. e4 dxe4 10. Ng5 exd3 11. Nxe6 fxe6 12. Bxd3 0-0-0 13. Bc4 Nf8 14. Qf3 Kb8 15. Nd2 e4 16. Nxe4 Nxe4 17. Qxe4 Bxh2+ 18. Kh1 Bd6 19. a4 Qf7 20. a5 Qh5+ 0-1

[Event "Erfurt Seniors op 24th"]
[Site "Erfurt"]
[Date "2014.12.27"]
[Round "2"]
[White "Prachar, Josef"]
[Black "Scholtyssek, Werner"]
[Result "1/2-1/2"]
[WhiteElo "1884"]
[BlackElo "1786"]
[PlyCount "38"]
[EventDate "2014.12.26"]
[EventType "swiss"]
[EventRounds "7"]
[EventCountry "GER"]
[SourceTitle "CBM 164 Extra"]
[Source "ChessBase"]
[SourceDate "2015.03.02"]
[SourceVersion "1"]
[SourceVersionDate "2015.03.02"]
[SourceQuality "1"]

1. d4 c5 2. e3 e6 3. Nf3 b6 4. Bd3 Bb7 5. 0-0 Nf6 6. Nbd2 Be7 7. b3 Ba6 8. c4 0-0 9. Bb2 Nc6 10. Rc1 Nb4 11. Bb1 d5 12. Ne5 dxc4 13. bxc4 Bb7 14. a3 Nc6 15. Qc2 cxd4 16. Nxc6 Bxc6 17. Bxd4 g6 18. Qb2 Ne8 19. Be4 Bxe4 1/2-1/2

[Event "Erfurt Seniors op 24th"]
[Site "Erfurt"]
[Date "2014.12.27"]
[Round "3"]
[White "Scholtyssek, Werner"]
[Black "Selig, Rainer"]
[Result "0-1"]
[WhiteElo "1786"]
[BlackElo "2101"]
[PlyCount "62"]
[EventDate "2014.12.26"]
[EventType "swiss"]
[EventRounds "7"]
[EventCountry "GER"]
[SourceTitle "CBM 164 Extra"]
[Source "ChessBase"]
[SourceDate "2015.03.02"]
[SourceVersion "1"]
[SourceVersionDate "2015.03.02"]
[SourceQuality "1"]

1. c4 e5 2. Nc3 Nc6 3. g3 g6 4. Bg2 Bg7 5. d3 Nge7 6. Bg5 h6 7. Bd2 0-0 8. Qc1 Kh7 9. e3 d6 10. a3 a5 11. Nce2 Be6 12. Bc3 d5 13. cxd5 Nxd5 14. Qc2 Nxc3 15. Nxc3 f5 16. Nge2 Qd7 17. 0-0 Rfd8 18. Rad1 Qf7 19. Nc1 Rab8 20. Nb5 Bd5 21. e4 fxe4 22. Bxe4 Be6 23. f4 Bh3 24. Rf2 Qd7 25. Qc4 exf4 26. Rxf4 Ne5 27. Qb3 c6 28. Nc3 Rf8 29. N3e2 Ng4 30. Rxf8 Rxf8 31. Nf4 Qd4+ 0-1

[Event "Wuerttemberg-ch Seniors op 26th"]
[Site "Freudenstadt"]
[Date "2014.07.21"]
[Round "6"]
[White "Flockerzi, Armin"]
[Black "Scholtyssek, Werner"]
[Result "1/2-1/2"]
[WhiteElo "1803"]
[BlackElo "1781"]
[PlyCount "53"]
[EventDate "2014.07.16"]
[EventType "swiss"]
[EventRounds "9"]
[EventCountry "GER"]
[SourceTitle "EXT 2019"]
[Source "ChessBase"]
[SourceDate "2018.10.10"]
[SourceVersion "1"]
[SourceVersionDate "2018.10.10"]
[SourceQuality "1"]

1. d4 d5 2. g3 Nf6 3. Bg2 Bf5 4. Nd2 e6 5. a3 c6 6. Ngf3 Nbd7 7. 0-0 Bd6 8. Re1 Qc7 9. Nf1 b6 10. Nh4 Be4 11. f4 Bxg2 12. Nxg2 Ne4 13. Qd3 Ndf6 14. b4 Ng4 15. Be3 0-0 16. c4 Rac8 17. Rac1 Qd7 18. Nd2 f5 19. Nh4 Qf7 20. Kg2 Qh5 21. Rh1 Rf7 22. cxd5 exd5 23. Nhf3 g5 24. Ne5 Rg7 25. Nxe4 fxe4 26. Qd2 Nxe3+ 27. Qxe3 1/2-1/2

[Event "Wch Seniors 22nd"]
[Site "Kamena Vourla"]
[Date "2012.11.22"]
[Round "9"]
[White "Rave, Avraham"]
[Black "Scholtyssek, Werner"]
[Result "1-0"]
[WhiteElo "1838"]
[BlackElo "1835"]
[PlyCount "135"]
[EventDate "2012.11.13"]
[EventType "swiss"]
[EventRounds "11"]
[EventCountry "GRE"]
[SourceTitle "CBM 151 Extra"]
[Source "ChessBase"]
[SourceDate "2012.12.18"]
[SourceVersion "1"]
[SourceVersionDate "2012.12.18"]
[SourceQuality "1"]

1. d4 d5 2. Nf3 Bf5 3. c4 c6 4. e3 Nf6 5. Nc3 h6 6. Bd3 Bxd3 7. Qxd3 e6 8. c5 Be7 9. 0-0 Nbd7 10. b4 Qc7 11. Rb1 b5 12. Re1 Rd8 13. h3 0-0 14. a4 a6 15. Qc2 Rfe8 16. axb5 axb5 17. Nd2 e5 18. dxe5 Nxe5 19. Ne2 Nc4 20. Nd4 Nxd2 21. Qxd2 Ne4 22. Qc2 Bh4 23. Rf1 Bf6 24. Bb2 Be5 25. Ra1 Bxd4 26. Bxd4 Ng5 27. Qb2 Ne6 28. Be5 Qb7 29. f4 f6 30. Bd6 Ra8 31. Rxa8 Rxa8 32. Qc2 Ra4 33. Rb1 Qa8 34. Qg6 Nf8 35. Qg4 Qe8 36. Rb3 Qe6 37. f5 Qe4 38. Qxe4 dxe4 39. Kh2 Nh7 40. Kg3 Ra2 41. h4 Kf7 42. Kh3 g5 43. fxg6+ Kxg6 44. g4 f5 45. Be7 fxg4+ 46. Kxg4 Rf2 47. Ra3 h5+ 48. Kg3 Rf3+ 49. Kg2 Kf7 50. Bd6 Ke6 51. Bf4 Nf6 52. Ra8 Kd7 53. Ra7+ Ke6 54. Rc7 Kd5 55. Re7 Ng4 56. Rd7+ Ke6 57. Rd6+ Kf5 58. Rxc6 Nxe3+ 59. Bxe3 Rxe3 60. Rb6 Kg4 61. Rxb5 Rc3 62. Rb6 Rc2+ 63. Kf1 Kf3 64. Rf6+ Ke3 65. c6 Kd4 66. b5 Kc5 67. Rf5+ Kb6 68. Rxh5 1-0

[Event "Wch Seniors 22nd"]
[Site "Kamena Vourla"]
[Date "2012.11.21"]
[Round "8"]
[White "Scholtyssek, Werner"]
[Black "Rahmani, Behrouz"]
[Result "0-1"]
[WhiteElo "1835"]
[BlackElo "1727"]
[PlyCount "66"]
[EventDate "2012.11.13"]
[EventType "swiss"]
[EventRounds "11"]
[EventCountry "GRE"]
[SourceTitle "CBM 151 Extra"]
[Source "ChessBase"]
[SourceDate "2012.12.18"]
[SourceVersion "1"]
[SourceVersionDate "2012.12.18"]
[SourceQuality "1"]

1. c4 Nf6 2. Nc3 c6 3. d4 d5 4. b3 Bf5 5. e3 e6 6. Bd3 Bg6 7. Bb2 Bb4 8. Nf3 Nbd7 9. 0-0 0-0 10. a3 Ba5 11. b4 Bc7 12. c5 Re8 13. Bxg6 hxg6 14. Ne2 a6 15. Ne5 g5 16. Ng3 g6 17. f4 gxf4 18. exf4 Kg7 19. Qf3 Rh8 20. Rae1 a5 21. Bc1 axb4 22. axb4 Ra4 23. Bd2 Qa8 24. Bc3 b5 25. Nxd7 Nxd7 26. f5 Bxg3 27. f6+ Kg8 28. Qxg3 Qd8 29. Rxe6 Qb8 30. Rxc6 Qxg3 31. hxg3 Ra3 32. Rc8+ Kh7 33. Be1 Rxc8 0-1

[Event "Wch Seniors 22nd"]
[Site "Kamena Vourla"]
[Date "2012.11.17"]
[Round "5"]
[White "Scholtyssek, Werner"]
[Black "Patola, Eero"]
[Result "0-1"]
[WhiteElo "1835"]
[BlackElo "1949"]
[PlyCount "38"]
[EventDate "2012.11.13"]
[EventType "swiss"]
[EventRounds "11"]
[EventCountry "GRE"]
[SourceTitle "CBM 151 Extra"]
[Source "ChessBase"]
[SourceDate "2012.12.18"]
[SourceVersion "1"]
[SourceVersionDate "2012.12.18"]
[SourceQuality "1"]

1. c4 f5 2. Nf3 Nf6 3. Nc3 g6 4. d4 Bg7 5. e3 d6 6. Qc2 0-0 7. Be2 Qe8 8. 0-0 Na6 9. a3 c5 10. d5 Bd7 11. b3 Nc7 12. Bb2 Rb8 13. Rab1 h6 14. Bd3 b5 15. Ba1 Qf7 16. e4 b4 17. axb4 cxb4 18. Ne2 fxe4 19. Bxf6 exd3 0-1